US States Larger Than the UK Quiz Stats

 Plays Quiz Updated Feb 18, 2016

Challenge
Share
Tweet
Embed
Score 0/11 Timer 03:00
3 Plays Today
% Correct
Alaska
94.1%
California
93.5%
Texas
90.3%
Montana
74.2%
Arizona
70.3%
New Mexico
65.1%
Colorado
61.6%
Nevada
57.2%
Wyoming
54.6%
Oregon
36.5%
Michigan
33.8%

You're not logged in!

Compare scores with friends on all Sporcle quizzes.
Join for Free
OR
Log In

You Might Also Like...

Show Comments

Extras

Top Quizzes Today


Score Distribution

Your Account Isn't Verified!

In order to create a playlist on Sporcle, you need to verify the email address you used during registration. Go to your Sporcle Settings to finish the process.

Report this User

Report this user for behavior that violates our Community Guidelines.

Details: